|
|
|
|
| LEADER |
01167nam a2200253 u 4500 |
| 001 |
10067218 |
| 003 |
GR-PaULI |
| 005 |
20210117201425.0 |
| 008 |
080723s2004 ne eng |
| 952 |
|
|
|0 0
|1 0
|2 ddc
|4 0
|6 Π_514_322000000000000_03_ENC
|7 0
|9 67539
|a LISP
|b LISP
|c REF
|d 2016-04-24
|i 092245
|l 0
|o Π 514.322 03 ENC
|p 025000162214
|r 2016-04-24 00:00:00
|t 1
|v 2016.00
|w 2016-04-24
|y BKN
|
| 999 |
|
|
|c 43495
|d 43495
|
| 020 |
|
|
|a 0444503552
|
| 040 |
|
|
|a GR-PaULI
|c GR-PaULI
|b gre
|e AACR2
|
| 082 |
0 |
4 |
|a 514.322 03
|2 23
|
| 245 |
0 |
0 |
|a Encyclopedia of general topology /
|c edited by Klaas Pieter Hart, Jun-iti Nagata and Jerry E. Vaughan.
|
| 260 |
|
|
|a Amsterdam :
|b Elsevier,
|c 2004.
|
| 300 |
|
|
|a x, 526 σ. ;
|c 29 εκ.
|
| 504 |
|
|
|a Περιλαμβάνει βιβλιογραφικές παραπομπές και ευρετήριο.
|
| 650 |
|
4 |
|a Τοπολογία
|9 178784
|x Εγκυκλοπαίδειες και λεξικά.
|
| 700 |
1 |
|
|a Hart, Klaas Pieter
|4
|9 61196
|e επιμελητής.
|
| 700 |
1 |
|
|a Nagata, Jun-iti,
|d 1925-
|4
|9 168315
|e επιμελητής.
|
| 700 |
1 |
|
|a Vaughan, Jerry E.
|4
|9 61198
|e επιμελητής.
|
| 942 |
|
|
|2 ddc
|c BKN
|
| 998 |
|
|
|c ΜΠΟΥΡΑΣ
|d 2019-11
|